000 00647nam a2200241 a 4500
001 BRCA_7255
005 20190320205754.0
008 260112s1953----nyu#######---#000-0#eng-#
041 _aeng
044 _anyu
050 4 _aHG4507
_b.F64 1953
245 1 0 _aForeign dollar bonds
_b1953
_cWhite, Weld & Co.
250 _a17
260 _aNueva York
_bWhite, Weld & Co.
_c1953
300 _a113 p.
_c28 cm.
500 _aVer también H104 (1937) y U19 (1957-1958)
500 _aP16
650 1 4 _aBonos financieros
_zEstados Unidos
_914797
650 1 4 _aDólares
_914798
710 2 _aWhite, Weld & Co.
_917969
902 _aGFM
942 _2lcc
_cB
999 _c6936
_d6936